000 01023nam a2200289 i 4500
003 EG-GICUC
005 20260128140606.0
008 260128s1987 fr ||fr ||| 001 0 fre d
020 _a2275008640
040 _aEG-GiCUC
_bfre
_cEG-GiCUC
_dEG-GiCUC
_eRda
041 0 _afre
082 0 4 _221
_a341.851
_bKA . P
092 0 4 _221
099 _aLaw1 12 341.851 KA . P 1987
100 1 _aKassis, Antoine
_eAuteur
245 1 0 _aProblèmes De Base De L'arbitrage :
_bEn Droit Comparé Et En Droit International.
_nTome I,
_pArbitrage Juridictionnel Et Arbitrage Contractuel /
_cAntoine Kassis.
264 1 _aParis :
_bLibrairie Générale De Droit Et De Jurisprudence,
_c1987.
300 _a408 page,
_c24 cm.
336 _2rda contenu
_a texte
337 _2rda medias
_aOrdinateur
338 _2 transporteur rda
_a Ressource en ligne
546 _aTexte en français
650 1 4 _aDroit international privé
856 4 0 _uhttps://fll.law.cu.edu.eg/fulltext/bks/B12-02402.pdf
905 _a48
942 _2ddc
_cBK
_e21
_n0
999 _c59949
_d59949